Design of machine elements (Record no. 28956)

000 -LEADER
fixed length control field 00500nam a22001931 4500
001 - CONTROL NUMBER
control field 28956
003 - CONTROL NUMBER IDENTIFIER
control field BD-DhUET
008 - FIXED-LENGTH DATA ELEMENTS--GENERAL INFORMATION
fixed length control field 721124s1965 nyua b 000 0 eng
040 ## - CATALOGING SOURCE
Original cataloging agency DLC
Transcribing agency OAU
Modifying agency BD-DhUET
082 ## - DEWEY DECIMAL CLASSIFICATION NUMBER
Classification number 621.815
Item number FAI/1965
100 ## - MAIN ENTRY--PERSONAL NAME
Personal name Faires, Virgil Moring
245 10 - TITLE STATEMENT
Title Design of machine elements
250 ## - EDITION STATEMENT
Edition statement 4th ed.
260 ## - PUBLICATION, DISTRIBUTION, ETC. (IMPRINT)
Place of publication, distribution, etc. New York
Name of publisher, distributor, etc. Macmillan
Date of publication, distribution, etc. 1965
300 ## - PHYSICAL DESCRIPTION
Extent xxviii, 624 p.
Other physical details ill.
Dimensions 25 cm.
504 ## - BIBLIOGRAPHY, ETC. NOTE
Bibliography, etc Includes bibliographies
650 #0 - SUBJECT ADDED ENTRY--TOPICAL TERM
Topical term or geographic name as entry element Machine design
942 ## - ADDED ENTRY ELEMENTS (KOHA)
Koha item type General Book
Holdings
Koha full call number Lost status Source of classification or shelving scheme Koha date last seen Price effective from Location (home branch) Copy number Withdrawn status Date acquired Shelving location Koha item type Not for loan Koha normalized classification for sorting Sublocation or collection (holding branch) Damaged status Piece designation (barcode)
621.815/FAI/1965  2015-06-142015-06-14Central Library, BUET1 2015-06-14Reading sectionReading Item 621_815000000000000_FAI_1965Central Library, BUET 63059
621.815/FAI/1965  2015-06-202015-06-20Central Library, BUET2 2015-06-20Reading sectionReading Item 621_815000000000000_FAI_1965Central Library, BUET 50915
621.815/FAI/1965  2015-06-202015-06-20Central Library, BUET3 2015-06-20Reading sectionReading Item 621_815000000000000_FAI_1965Central Library, BUET 50916
621.815/FAI/1965  2015-06-252015-06-25Central Library, BUET4 2015-06-25Reading sectionReading Item 621_815000000000000_FAI_1965Central Library, BUET  55289
621.815/FAI/1965  2015-06-252015-06-25Central Library, BUET5 2015-06-25Reading sectionReading Item 621_815000000000000_FAI_1965Central Library, BUET 63062